Sajtóetika kisebbségi sorban
Elmentve itt :
| Szerző: | |
|---|---|
| Adatforrás: | Meister |
| Forrásdokumentuma: | A Hét. - 40 sz., 1997, 8 p. |
| Nyelv: | magyar |
| Kulcsszavak: | médiaszociológia szakmai intézmények sajtó mass-media sajtóetika Árkos DEÁK Ferenc Magyar Újságírók Romániai Egyesülete (MÚRE) |
| LEADER | 00554nab a2200205 i 4500 | ||
|---|---|---|---|
| 001 | bibPRO00007241 | ||
| 008 | 060524s1997 xx hun | ||
| 040 | |a Sz1 | ||
| 041 | |a hun | ||
| 100 | 1 | |a CSÉP Sándor | |
| 245 | 1 | 0 | |a Sajtóetika kisebbségi sorban |c CSÉP Sándor |
| 695 | |a médiaszociológia | ||
| 695 | |a szakmai intézmények | ||
| 695 | |a sajtó | ||
| 695 | |a mass-media | ||
| 695 | |a sajtóetika | ||
| 695 | |a Árkos | ||
| 695 | |a DEÁK Ferenc | ||
| 695 | |a Magyar Újságírók Romániai Egyesülete (MÚRE) | ||
| 773 | 0 | |t A Hét. - |g 40 sz., 1997, 8 p. | |